000 00436nam a2200181Ia 4500
001 5193
005 20260306145850.0
008 260306t2011||||xx |||||||||||||| ||spa||
041 _aESP
082 _a337.8
_bM26
100 _aMariategui, Juan
_eAUT
245 0 _aGlobalización e integración latinoamericana
260 _c2011
300 _a239 páginas :
_c21 cm.
650 _aGEN
654 _aCAN
942 _cLIB
_dJUS
_fJUS
_2ddc
_n
999 _c5193
_d5193